000 00255nam a2200109Ia 4500
005 20251222140056.0
008 251222s1900||||xx |||||||||||||| ||spa||
082 _a117/S64
245 0 _aLa Forma
264 _bInstituto Luis Vives de FilosofĂ­a
942 _cLIB
999 _c3752
_d3752